| 000 | 00471nam a2200169Ia 4500 | ||
|---|---|---|---|
| 999 |
_c22022 _d22022 |
||
| 003 | OSt | ||
| 005 | 20200512112448.0 | ||
| 008 | 190216s9999||||xx |||||||||||||| ||und|| | ||
| 040 | _coclc | ||
| 082 |
_a297.4 _bEBE/E |
||
| 100 |
_aEbediyye, Seadet-I _92214 |
||
| 245 | 0 |
_aEndless Bliss / _cSeadet-I Ebediyye |
|
| 260 |
_bHiiseyn Hilmi Isik, _c1987. |
||
| 300 | _a167p | ||
| 650 | _aIslamic History | ||
| 942 |
_cBK _2ddc _h297.4 _iEBE/E _k297.4 _mEBE/E |
||